| 000 | 00000nam##2200000za#4500 |
| 001 | 9.637703 |
| 003 | CaOODSP |
| 005 | 20250611103549 |
| 007 | cr ||||||||||| |
| 008 | 150407|2002||||xxc|||||o f|0| 0 fre|d |
| 040 | |aCaOODSP|bfre |
| 043 | |an-cn--- |
| 086 | 1 |aA22-263/2002F-PDF |
| 110 | 1 |aCanada. |bAgriculture et agroalimentaire Canada. |
| 245 | 10|aExamen des programmes de protection du revenu / |h[ressource électronique]|cPréparé par le Groupe de travail fédéral/provincial - protection du revenu. |
| 260 | |aOttawa - Ontario : |bAgriculture et Agroalimentaire Canada |c2002. |
| 300 | |a202p.|bgraphiques, tableaux |
| 590 | |a10-05-Supp|b2010-07-20 |
| 691 | 07|aÉvaluation de programme|2gcpds |
| 691 | 07|aProgramme d'aide agricole|2gcpds |
| 691 | 07|aSécurité du revenu|2gcpds |
| 775 | 08|tSafety net review / |w(CaOODSP)9.693525 |
| 776 | 0#|tExamen des programmes de protection du revenu / |w(CaOODSP)9.681859 |
| 856 | 40|ahttp://publications.gc.ca|qPDF|s2806 Ko|uhttps://publications.gc.ca/collections/Collection/A22-263-2002F.pdf |